[Event "52nd World Juniors 2013"]
[Site "Kocaeli TUR"]
[Date "2013.09.13"]
[Round "1.28"]
[White "Farid, Firman Syah"]
[Black "Buyukasik, Diyap"]
[Result "1/2-1/2"]
[WhiteTitle "IM"]
[WhiteElo "2433"]
[BlackElo "2046"]
[WhiteFideId "7102526"]
[BlackFideId "6319602"]
[EventDate "2013.09.13"]

1. d4 Nf6 2. c4 g6 3. Nc3 Bg7 4. Nf3 O-O 5. g3 c6 6. Bg2 d5 7. cxd5 cxd5 8. O-O
Ne4 9. Ne5 Nxc3 10. bxc3 Nc6 11. Nxc6 bxc6 12. Qa4 Qb6 13. Re1 Ba6 14. Ba3 Bb5
15. Qc2 Rfe8 16. e4 e6 17. Bc5 Qa6 18. Bf1 Bxf1 19. Rxf1 e5 20. Rfe1 Qc4 21. Qb3
Qxb3 22. axb3 exd4 23. exd5 dxc3 24. dxc6 c2 25. Rxe8+ Rxe8 26. Rc1 Rc8 27. Rxc2
Rxc6 28. b4 Bf8 29. Ra2 Bxc5 30. bxc5 Rxc5 31. Rxa7 1/2-1/2

[Event "52nd World Juniors 2013"]
[Site "Kocaeli TUR"]
[Date "2013.09.13"]
[Round "1.29"]
[White "Baglan, Esat"]
[Black "Meribanov, Vitaly"]
[Result "0-1"]
[BlackTitle "FM"]
[WhiteElo "2024"]
[BlackElo "2433"]
[WhiteFideId "6309216"]
[BlackFideId "13504363"]
[EventDate "2013.09.13"]

1. e4 c5 2. Nf3 Nc6 3. d4 cxd4 4. Nxd4 g6 5. Nc3 Bg7 6. Be3 Nf6 7. Bc4 Qa5 8.
O-O O-O 9. Bb3 d6 10. f3 Bd7 11. Qd2 Rfe8 12. Rfd1 Rac8 13. a4 a6 14. Qf2 Qc7
15. Nde2 Ne5 16. Bb6 Qb8 17. a5 Nc4 18. Bxc4 Rxc4 19. Qe3 Rcc8 20. Rac1 Bc6 21.
Ba7 Qa8 22. Bd4 Rcd8 23. Qd2 Qb8 24. Nd5 Bxd5 25. exd5 Rc8 26. c4 Qc7 27. b4 Qd7
28. Bf2 h5 29. Qd3 Kh7 30. b5 Ra8 31. Rb1 Rec8 32. Rdc1 Qe8 33. bxa6 Rxa6 34.
Rxb7 Rxa5 35. Re1 Nd7 36. f4 Ra2 37. Qh3 Nc5 38. Bxc5 Rxc5 39. Ng3 Rxc4 40. f5
Ra1 41. Rbb1 Rxb1 42. Rxb1 Rf4 43. fxg6+ fxg6 44. Ne2 Rf5 45. Qd3 Qf7 46. Rd1
Be5 47. g3 Qf6 48. Nd4 Rf1+ 0-1

[Event "52nd World Juniors 2013"]
[Site "Kocaeli TUR"]
[Date "2013.09.13"]
[Round "1.33"]
[White "Bornheim, Craig"]
[Black "Baghdasaryan, Vahe"]
[Result "1/2-1/2"]
[WhiteTitle "CM"]
[BlackTitle "IM"]
[WhiteElo "1973"]
[BlackElo "2423"]
[WhiteFideId "14300370"]
[BlackFideId "13303139"]
[EventDate "2013.09.13"]

1. d4 d5 2. c4 c6 3. Nf3 Nf6 4. Nc3 e6 5. Bg5 dxc4 6. e4 b5 7. e5 h6 8. Bh4 g5
9. Nxg5 hxg5 10. Bxg5 Nbd7 11. g3 Qa5 12. exf6 b4 13. Ne4 Ba6 14. Be2 O-O-O 15.
O-O Qf5 16. f3 Nc5 17. g4 Qh7 18. Bf4 Nxe4 19. Qa4 Bb7 20. fxe4 Rxd4 21. Qxa7
Bd6 22. Bxd6 Rxd6 23. Rf2 Qxe4 24. Rc1 Rd4 25. Qc5 Qe3 26. Rxc4 Rxh2 27. Kxh2
Qxf2+ 28. Kh3 Qe3+ 29. Kh4 Qh6+ 30. Kg3 Qf4+ 31. Kh3 Qh6+ 32. Kg3 Rd5 33. Qb6
Qxf6 34. Rxb4 Qe5+ 35. Kh3 Rd7 36. Ba6 Bxa6 37. Qxa6+ Kd8 38. Rb3 f5 39. Qa8+
Ke7 40. Qg8 fxg4+ 41. Qxg4 Rd4 42. Rb7+ Kf8 43. Rb8+ Ke7 44. Rb7+ Kd6 45. Qg3
Qxg3+ 46. Kxg3 Ke5 47. Kf3 Rd3+ 48. Ke2 Rh3 49. a4 Rh4 50. b3 c5 51. Kd3 Kd5 1/2-1/2

[Event "52nd World Juniors 2013"]
[Site "Kocaeli TUR"]
[Date "2013.09.13"]
[Round "1.34"]
[White "Firat, Burak"]
[Black "Yargici, Mazhar Kutay"]
[Result "0-1"]
[WhiteTitle "IM"]
[WhiteElo "2423"]
[BlackElo "1970"]
[WhiteFideId "6305881"]
[BlackFideId "6310400"]
[EventDate "2013.09.13"]

1. c4 Nf6 2. Nc3 e6 3. e4 d5 4. cxd5 exd5 5. e5 d4 6. exf6 dxc3 7. Qe2+ Be6 8.
dxc3 Qxf6 9. Qb5+ Nd7 10. Qxb7 Qe5+ 11. Ne2 Bd5 12. Qb5 Rb8 13. Qd3 Nc5 14. Qd4
Bd6 15. Be3 Qxd4 16. Nxd4 Rxb2 17. Bb5+ c6 18. O-O-O Rxa2 19. Bxc6+ Bxc6 20.
Nxc6 Ne4 21. Bd4 O-O 22. Rhe1 Ba3+ 23. Kb1 Rb2+ 24. Ka1 Nd2 25. Na5 Rc2 26. c4
Bb4 27. Nc6 Nb3+ 28. Kb1 Rxc4 29. Nxb4 Nxd4 30. Na6 Ne6 31. Rd6 g6 32. Rc1 Rxc1+
33. Kxc1 Rd8 34. Rc6 Rd5 35. Rc8+ Kg7 36. Rc4 Ra5 37. Nb4 Ra4 0-1

[Event "52nd World Juniors 2013"]
[Site "Kocaeli TUR"]
[Date "2013.09.13"]
[Round "1.35"]
[White "Zeydan, Salih"]
[Black "Sanal, Vahap"]
[Result "0-1"]
[BlackTitle "IM"]
[WhiteElo "1968"]
[BlackElo "2419"]
[WhiteFideId "6361722"]
[BlackFideId "6300545"]
[EventDate "2013.09.13"]

1. e4 e5 2. Nf3 Nc6 3. d4 exd4 4. Nxd4 Bc5 5. Be3 Qf6 6. c3 Nge7 7. Bc4 O-O 8.
O-O b6 9. Nc2 Rd8 10. Nd2 Bb7 11. Bxc5 bxc5 12. Ne3 Ne5 13. Qc2 Nxc4 14. Ndxc4
Ng6 15. f3 c6 16. Rfd1 d5 17. Na5 Qe7 18. Nxb7 Qxb7 19. exd5 cxd5 20. Qb3 Qc6
21. Rxd5 Re8 22. Nf5 Rab8 23. Qc4 Rxb2 24. Rad1 Qf6 25. g3 h6 26. Qg4 Qxc3 27.
R5d3 Re1+ 0-1

[Event "52nd World Juniors 2013"]
[Site "Kocaeli TUR"]
[Date "2013.09.13"]
[Round "1.36"]
[White "Bortnyk, Mykola"]
[Black "Thompson, Robert"]
[Result "1-0"]
[WhiteElo "2417"]
[BlackElo "1966"]
[WhiteFideId "14120836"]
[BlackFideId "417513"]
[EventDate "2013.09.13"]

1. e4 g6 2. d4 Bg7 3. Nc3 d6 4. h3 Nd7 5. Nge2 e5 6. Be3 Ne7 7. g4 O-O 8. Bg2
exd4 9. Bxd4 Bh6 10. f4 Nc6 11. Bf2 Nb6 12. O-O f5 13. exf5 gxf5 14. g5 Bg7 15.
Ng3 Be6 16. Re1 Bc4 17. Nh5 Bh8 18. Bxb6 axb6 19. Bd5+ Bxd5 20. Nxd5 Qd7 21.
Ndf6+ Rxf6 22. gxf6 Qf7 23. Qe2 Bxf6 24. Qe8+ Rxe8 25. Rxe8+ Qxe8 26. Nxf6+ Kf7
27. Nxe8 Kxe8 28. Kf2 Ne7 29. Kg3 Kf7 30. Kh4 Kf6 31. Kh5 Ng6 32. Rf1 b5 33. Kh6
Nf8 34. h4 d5 35. h5 c5 36. c3 d4 37. cxd4 cxd4 38. Rd1 Ne6 39. Kxh7 Nxf4 40. h6
Kf7 41. Rf1 1-0

[Event "52nd World Juniors 2013"]
[Site "Kocaeli TUR"]
[Date "2013.09.13"]
[Round "1.37"]
[White "Zor, Alber Kadir"]
[Black "Bai, Jinshi"]
[Result "0-1"]
[WhiteElo "1948"]
[BlackElo "2419"]
[WhiteFideId "6353169"]
[BlackFideId "8602280"]
[EventDate "2013.09.13"]

1. d4 d5 2. Nf3 Nf6 3. c3 c5 4. dxc5 e6 5. b4 a5 6. e3 axb4 7. cxb4 b6 8. Bb5+
Bd7 9. Bxd7+ Nbxd7 10. a4 bxc5 11. b5 Bd6 12. Bb2 O-O 13. O-O Qc7 14. Nbd2 c4
15. Qc2 Nc5 16. Bxf6 gxf6 17. e4 c3 18. Qxc3 dxe4 19. Qxf6 Qd8 20. Qxd8 Rfxd8
21. Ng5 f5 22. Nc4 Be7 23. Nh3 Bf6 24. Rab1 Rxa4 25. Ne3 Nd3 26. g3 Rb8 27. Nf4
Nxf4 28. gxf4 Bd4 29. Rfd1 Rb6 30. Nc2 Bf6 31. Ne3 Bd4 32. Nc2 Bc5 33. Rd8+ Kf7
34. Rd7+ Kg6 35. Rb3 Bd6 36. Kg2 Bxf4 37. Nd4 Ra2 38. Kg1 Rd2 39. Rd8 e5 40. Nc6
Rxd8 41. Nxd8 Kf6 42. Nc6 Ke6 43. Na7 Kd7 44. Nc6 Kd6 45. Na7 Kd7 46. Nc6 Ke6
47. Na7 Bg5 48. Nc8 Rb7 49. b6 Bd8 50. Rb5 Kd7 51. Na7 Bxb6 52. Rxe5 Bxa7 53.
Rxf5 Ke6 54. Rf8 Rf7 55. Re8+ Kd5 0-1

[Event "52nd World Juniors 2013"]
[Site "Kocaeli TUR"]
[Date "2013.09.13"]
[Round "1.38"]
[White "Sunilduth Lyna, Narayanan"]
[Black "Sumer, Gun"]
[Result "1-0"]
[WhiteElo "2408"]
[BlackElo "1928"]
[WhiteFideId "5058422"]
[BlackFideId "6311784"]
[EventDate "2013.09.13"]

1. e4 c5 2. Ne2 d6 3. g3 g6 4. Bg2 Bg7 5. c3 Nc6 6. d4 cxd4 7. cxd4 Qb6 8. Nbc3
e6 9. Be3 Qxb2 10. O-O a6 11. d5 Qa3 12. dxc6 bxc6 13. Rb1 d5 14. exd5 cxd5 15.
Nxd5 exd5 16. Qxd5 Ne7 17. Qxa8 1-0

[Event "52nd World Juniors 2013"]
[Site "Kocaeli TUR"]
[Date "2013.09.13"]
[Round "1.39"]
[White "Uysal, Burak"]
[Black "Martinez Romero, Martin"]
[Result "0-1"]
[BlackTitle "IM"]
[WhiteElo "1928"]
[BlackElo "2404"]
[WhiteFideId "6339387"]
[BlackFideId "4404025"]
[EventDate "2013.09.13"]

1. e4 c5 2. Nc3 d6 3. Nf3 Nf6 4. d4 cxd4 5. Nxd4 e6 6. g3 Be7 7. Bg2 O-O 8. O-O
Nc6 9. Re1 Bd7 10. a4 Rc8 11. Nxc6 Bxc6 12. Be3 b6 13. Qe2 Qc7 14. Rad1 Qb7 15.
Bf4 Rfd8 16. h4 a6 17. g4 b5 18. g5 Ne8 19. axb5 axb5 20. Nd5 Bf8 21. Nb4 g6 22.
c3 Ng7 23. Bf3 e5 24. Bg3 Ne6 25. Bg4 Rb8 26. Bxe6 fxe6 27. Nd3 Qe7 28. Rf1 Bg7
29. Nb4 Ba8 30. f4 exf4 31. Bxf4 Rbc8 32. Qxb5 Bxe4 33. Qe2 d5 34. Be3 Rf8 35.
Nd3 Qd6 36. Qg4 Rxf1+ 37. Kxf1 Rf8+ 38. Ke1 Bf3 39. Qg1 Bxd1 40. Kxd1 Qa6 41.
Nc5 Rf1+ 42. Kd2 Bxc3+ 0-1

[Event "52nd World Juniors 2013"]
[Site "Kocaeli TUR"]
[Date "2013.09.13"]
[Round "1.40"]
[White "Ali Marandi, Cemil Can"]
[Black "Karabayir, Mustafa Yilmaz"]
[Result "1-0"]
[WhiteTitle "IM"]
[WhiteElo "2403"]
[BlackElo "1926"]
[WhiteFideId "6300529"]
[BlackFideId "6300090"]
[EventDate "2013.09.13"]

1. e4 e5 2. Nf3 Nf6 3. Nxe5 d6 4. Nf3 Nxe4 5. d4 d5 6. Bd3 Nc6 7. O-O Be7 8. Re1
Bf5 9. c4 Nb4 10. Bf1 O-O 11. a3 Nc6 12. cxd5 Qxd5 13. Nc3 Nxc3 14. bxc3 Rfe8
15. Bf4 Bd6 16. Rxe8+ Rxe8 17. c4 Qe4 18. Bxd6 cxd6 19. Qd2 Qg4 20. h3 Qg6 21.
Re1 Rxe1 22. Qxe1 Qe6 23. Qc3 Qe4 24. d5 Ne5 25. Nxe5 Qxe5 26. Qa5 h6 27. Qxa7
Qe1 28. Qd4 Qc1 29. a4 b6 30. g4 Bc2 31. Kg2 Qb1 32. Qe3 Bxa4 33. Qe7 Qg6 34.
Qd8+ Kh7 35. Qxb6 Qe4+ 36. f3 Qf4 37. Qb2 g6 38. Bd3 Bd1 39. Be2 Bxe2 40. Qxe2
Kg8 41. Qe4 Qd2+ 42. Kg3 Qc1 43. Kf2 Qd2+ 44. Qe2 Qd4+ 45. Kg2 Kg7 46. h4 Kg8
47. Qc2 Kf8 48. Qe4 Qd2+ 49. Kg3 Qc1 50. Qd4 Qe1+ 51. Qf2 Qe5+ 52. Kg2 Qc3 53.
Qg3 Qd2+ 54. Qf2 Qc3 55. Qe2 Qd4 56. Qc2 Kg8 57. Qc1 Kg7 58. Kg3 Kg8 59. h5 g5
60. Kg2 Kg7 61. Qc2 Kg8 62. Qe4 Qd2+ 63. Kf1 Qd1+ 64. Kf2 Qd2+ 65. Qe2 Qd4+ 66.
Ke1 Qa1+ 67. Kd2 Qb2+ 68. Kd3 Qb1+ 69. Kc3 Qc1+ 70. Kb3 Qb1+ 71. Ka4 Qa1+ 72.
Kb5 Qd4 73. Kc6 Qc5+ 74. Kd7 Qb4 75. Qd3 Qc5 76. Qb3 Kg7 77. Qb2+ Kh7 78. Qb8
Qxc4 79. Qxd6 Qd3 80. Qc6 Qxf3 81. d6 Qxg4+ 82. Kc7 Qf4 83. Kc8 Qf5+ 84. d7 g4
85. Qc3 1-0

[Event "52nd World Juniors 2013"]
[Site "Kocaeli TUR"]
[Date "2013.09.13"]
[Round "1.41"]
[White "Temizkan, Denizcan"]
[Black "Kurayan, Ruslan"]
[Result "0-1"]
[WhiteElo "1921"]
[BlackElo "2398"]
[WhiteFideId "6325157"]
[BlackFideId "14120615"]
[EventDate "2013.09.13"]

1. d4 Nf6 2. c4 g6 3. Nc3 Bg7 4. e4 d6 5. Nf3 O-O 6. Be2 e5 7. O-O Nc6 8. d5 Ne7
9. b4 Nh5 10. Re1 f5 11. Ng5 Nf6 12. Bf3 Kh8 13. g3 Ne8 14. Be3 f4 15. gxf4 exf4
16. Bd4 h6 17. Ne6 Bxe6 18. dxe6 Nc6 19. e5 Nxd4 20. Qxd4 Qg5+ 21. Kh1 Bxe5 22.
Qd3 Qf6 23. e7 Qxe7 24. Qxg6 Qg7 25. Qxg7+ Nxg7 26. Rac1 Rae8 27. Bxb7 Rb8 28.
Be4 Rxb4 29. Nd5 Ra4 30. Ne7 Rf6 31. Ng6+ Rxg6 32. Bxg6 Rxa2 33. Rb1 Ne6 34. f3
Kg7 35. Be4 Kf6 36. Bd5 Nc5 37. Rb8 Ke7 38. Rh8 Nd3 39. Rh7+ Kf6 40. Rg1 Nf2+
41. Kg2 Bd4 42. Rf7+ Ke5 43. Re7+ Kf5 44. Rf7+ Bf6 45. Rf1 Ng4+ 46. Kg1 Ne3 47.
Be4+ Ke6 48. Rxc7 Bd4 49. Rb1 Nd5+ 0-1

[Event "52nd World Juniors 2013"]
[Site "Kocaeli TUR"]
[Date "2013.09.13"]
[Round "1.43"]
[White "Cingoz, Ozan"]
[Black "Georgiadis, Nico"]
[Result "0-1"]
[BlackTitle "FM"]
[WhiteElo "1918"]
[BlackElo "2396"]
[WhiteFideId "6333397"]
[BlackFideId "1300113"]
[EventDate "2013.09.13"]

1. d4 d5 2. Bf4 Nf6 3. e3 c5 4. c3 Nc6 5. Nd2 Bf5 6. Qb3 Qd7 7. Ngf3 c4 8. Qd1
e6 9. h3 b5 10. Nh4 Be4 11. Nhf3 Bd6 12. Bxd6 Qxd6 13. Nxe4 Nxe4 14. Nd2 f5 15.
Nxe4 fxe4 16. Qh5+ g6 17. Qh6 Qf8 18. Qxf8+ Rxf8 19. Be2 b4 20. f3 exf3 21. Bxf3
Kd7 22. O-O Rab8 23. e4 Kd6 24. exd5 exd5 25. Rae1 bxc3 26. bxc3 Rb2 27. Rf2
Rxf2 28. Kxf2 Rb8 29. Re2 Rb1 30. Re1 Rb2+ 31. Re2 Rb1 32. Re1 Rb8 33. Re2 a5
34. Bg4 h5 35. Bf3 a4 36. Rc2 Rb1 37. Ke2 Na7 38. Kd2 Nb5 39. Bd1 h4 40. a3 Rb3
41. Ra2 Rxc3 42. Bxa4 Rd3+ 0-1

[Event "52nd World Juniors 2013"]
[Site "Kocaeli TUR"]
[Date "2013.09.13"]
[Round "1.44"]
[White "De Filomeno, Simone"]
[Black "Heinechen, John"]
[Result "1-0"]
[WhiteTitle "FM"]
[WhiteElo "2392"]
[BlackElo "1901"]
[WhiteFideId "828688"]
[BlackFideId "3700976"]
[EventDate "2013.09.13"]

1. e4 c5 2. Nf3 e6 3. d4 cxd4 4. Nxd4 a6 5. Bd3 Bc5 6. Nb3 Be7 7. O-O d6 8. Qg4
Bf6 9. Nc3 Ne7 10. f4 Nbc6 11. Be3 h5 12. Qe2 Bxc3 13. bxc3 e5 14. f5 Qc7 15.
Qf2 Ng8 16. Qg3 Kf8 17. Qf2 b5 18. a4 Rb8 19. Qe2 Nf6 20. axb5 axb5 21. Bxb5
Nxe4 22. Qc4 Bd7 23. Ra7 d5 24. Rxc7 dxc4 25. Nc5 Rxb5 26. Nxd7+ Ke8 27. Nb6 Ne7
28. Ra1 f6 29. Rxc4 Nd6 30. Ra8+ Kf7 31. Rxh8 Nexf5 32. Rb4 Nxe3 33. Rxb5 Nxb5
34. c4 Nd4 35. c3 Ne6 36. Rxh5 Nxg2 37. Rh8 Ngf4 38. Kf2 Nd3+ 39. Ke3 Ndc5 40.
Ra8 f5 41. Ra7+ Kg6 42. Nd7 f4+ 43. Kf3 e4+ 44. Kg4 Nd3 45. Ra5 f3 46. Kg3 f2
47. Kg2 Nef4+ 48. Kf1 Kf7 49. Ne5+ Ke6 50. Nxd3 Nxd3 51. Rd5 Nb2 52. Kxf2 Nxc4
53. Rd4 Nd6 54. Ke3 Nb5 55. Rxe4+ Kd6 56. Kd3 Nc7 57. Rg4 Ne8 58. Kd4 Ke6 59.
Re4+ 1-0

[Event "52nd World Juniors 2013"]
[Site "Kocaeli TUR"]
[Date "2013.09.13"]
[Round "1.45"]
[White "Kitir, Ahmet"]
[Black "Vakhidov, Jahongir"]
[Result "0-1"]
[BlackTitle "IM"]
[WhiteElo "1866"]
[BlackElo "2385"]
[WhiteFideId "6327737"]
[BlackFideId "14201801"]
[EventDate "2013.09.13"]

1. e4 c5 2. Nf3 Nc6 3. Bb5 g6 4. Bxc6 dxc6 5. O-O Bg7 6. d3 b6 7. Re1 e5 8. Nbd2
f6 9. Nf1 Nh6 10. Bd2 Nf7 11. a4 a5 12. Ne3 O-O 13. h4 h5 14. Nh2 Be6 15. g3 Ra7
16. f4 Nh6 17. f5 gxf5 18. exf5 Bf7 19. Qf3 Kh7 20. Qxc6 Rg8 21. Qe4 Bf8 22. Kf2
c4 23. g4 Bc5 24. Ke2 cxd3+ 25. cxd3 hxg4 26. Rg1 Rd7 27. Nexg4 Nxg4 28. Nxg4
Bd5 29. Nxf6+ Qxf6 30. Rxg8 Bxe4 31. Rg6 Bxd3+ 0-1

[Event "52nd World Juniors 2013"]
[Site "Kocaeli TUR"]
[Date "2013.09.13"]
[Round "1.46"]
[White "Akhmetov, Ayan"]
[Black "Sahin, Ozgun"]
[Result "1-0"]
[WhiteElo "2382"]
[BlackElo "1857"]
[WhiteFideId "13703706"]
[BlackFideId "6328121"]
[EventDate "2013.09.13"]

1. e4 c5 2. Nf3 Nc6 3. d4 cxd4 4. Nxd4 g6 5. c4 Bg7 6. Be3 Nf6 7. Nc3 d6 8. Be2
O-O 9. O-O Bd7 10. f3 Rc8 11. Qd2 a6 12. Rfd1 Qc7 13. Rac1 Qb8 14. b3 h5 15. a4
Kh7 16. Kh1 Ne5 17. a5 Qc7 18. Nd5 Nxd5 19. cxd5 Qd8 20. h3 Rxc1 21. Rxc1 Bc8
22. b4 Qe8 23. b5 f5 24. bxa6 bxa6 25. f4 Nd7 26. exf5 gxf5 27. Ne6 Rg8 1-0

[Event "52nd World Juniors 2013"]
[Site "Kocaeli TUR"]
[Date "2013.09.13"]
[Round "1.47"]
[White "Aydin, Hasan Bora"]
[Black "Ochsner, Bjorn Moller"]
[Result "0-1"]
[BlackTitle "FM"]
[WhiteElo "1848"]
[BlackElo "2366"]
[WhiteFideId "6336612"]
[BlackFideId "1416928"]
[EventDate "2013.09.13"]

1. a3 e5 2. c4 Nf6 3. g3 c5 4. Bg2 d5 5. cxd5 Nxd5 6. Nc3 Be6 7. d3 Nc6 8. Nf3
Be7 9. Bd2 O-O 10. Nxd5 Bxd5 11. O-O f6 12. a4 Qd7 13. Bc3 Rfd8 14. Nd2 Bf7 15.
Nc4 Rab8 16. Be4 b6 17. e3 Bf8 18. Qe2 Ne7 19. f4 exf4 20. gxf4 Nd5 21. Qg2 a6
22. Rf3 Nxc3 23. bxc3 b5 24. Rh3 g6 25. Nb2 f5 26. Bc6 Qc7 27. axb5 axb5 28. c4
bxc4 29. Nxc4 Bg7 30. Rc1 Rxd3 31. Qc2 Rc3 0-1

[Event "52nd World Juniors 2013"]
[Site "Kocaeli TUR"]
[Date "2013.09.13"]
[Round "1.49"]
[White "Kilic, Efe Mert"]
[Black "Asgarizadeh, Ahmad"]
[Result "0-1"]
[WhiteElo "1843"]
[BlackElo "2354"]
[WhiteFideId "6354327"]
[BlackFideId "12505684"]
[EventDate "2013.09.13"]

1. e4 c5 2. Nf3 e6 3. d4 cxd4 4. Nxd4 a6 5. Bd3 Nf6 6. Nc3 Qc7 7. O-O d6 8. a4
b6 9. Qe2 Bb7 10. Nb3 Nbd7 11. f4 g6 12. Be3 Bg7 13. Nd2 O-O 14. Bf2 Rfe8 15.
Nd1 e5 16. fxe5 Nxe5 17. Nc3 d5 18. Bg3 Nh5 19. Nxd5 Bxd5 20. exd5 Nxg3 21. hxg3
Qc5+ 22. Kh1 Nxd3 23. Qxd3 Rad8 24. Nb3 Qxd5 25. Qxa6 Bxb2 26. Rae1 Be5 27. Qxb6
Bxg3 28. Rxe8+ Rxe8 29. Qb5 Qe4 30. Qg5 Qe2 31. Rg1 Re5 32. Qxg3 Rh5+ 33. Qh3
Rxh3+ 34. gxh3 Qxc2 35. Rg3 Qc6+ 36. Kh2 Qxa4 37. Nd2 Qd4 38. Rg2 Kg7 39. Nf3
Qe3 40. Kg3 h5 41. Rf2 g5 42. Kg2 f5 43. h4 g4 44. Ng5 Kf6 45. Nh7+ Kg6 46. Ng5
f4 47. Kf1 Kf5 0-1

[Event "52nd World Juniors 2013"]
[Site "Kocaeli TUR"]
[Date "2013.09.13"]
[Round "1.50"]
[White "Franklin, Samuel G A"]
[Black "Zhanbai Uulu, Zhokhar"]
[Result "1-0"]
[WhiteTitle "FM"]
[WhiteElo "2353"]
[BlackElo "1843"]
[WhiteFideId "468576"]
[BlackFideId "13800809"]
[EventDate "2013.09.13"]

1. e4 c5 2. Nf3 b6 3. d4 cxd4 4. Nxd4 Bb7 5. Nc3 a6 6. Be3 d6 7. Qd2 Nf6 8. f3
e6 9. O-O-O Qc7 10. g4 Be7 11. g5 Nfd7 12. h4 Nc6 13. Nxc6 Bxc6 14. Kb1 b5 15.
Bd3 Bb7 16. h5 Ne5 17. f4 Nc4 18. Bxc4 Qxc4 19. b3 Qc7 20. Qd4 Rc8 21. Qxg7 Rf8
22. Bd4 b4 23. g6 bxc3 24. gxh7 Kd7 25. Rh3 Bxe4 26. Rxc3 Bc6 27. Re1 Rce8 28.
h8=Q Rxh8 29. Qxf7 Rh6 30. Bg7 Qa5 31. Rce3 Be4 32. Bxh6 Kd8 33. Bg7 Bg5 34.
Bf6+ Bxf6 35. Qxf6+ Kd7 36. Qg7+ Re7 37. Qd4 Re8 38. Kb2 Qb5 39. h6 Qc6 40. Rc3
Qa8 41. h7 Rh8 42. Qg7+ 1-0

[Event "52nd World Juniors 2013"]
[Site "Kocaeli TUR"]
[Date "2013.09.13"]
[Round "1.51"]
[White "Percin, Onder"]
[Black "Dragomirescu, Robin-Alexandru"]
[Result "0-1"]
[BlackTitle "IM"]
[WhiteElo "1838"]
[BlackElo "2349"]
[WhiteFideId "6345190"]
[BlackFideId "1213849"]
[EventDate "2013.09.13"]

1. e4 c5 2. Nc3 Nc6 3. g3 g6 4. Bg2 Bg7 5. d3 d6 6. f4 Nf6 7. Nf3 O-O 8. O-O Rb8
9. h3 b5 10. g4 b4 11. Ne2 Nd7 12. Qe1 e6 13. h4 c4 14. d4 e5 15. d5 Nd4 16. Qd1
Nxf3+ 17. Bxf3 Qxh4 18. f5 Nf6 19. Qe1 Qxe1 20. Rxe1 Nd7 21. Be3 Nc5 22. Kg2 Bd7
23. Rh1 f6 24. Bh6 Rf7 25. Ng3 Bxh6 26. Rxh6 Rg7 27. Rah1 Be8 28. Be2 b3 29.
axb3 cxb3 30. c3 Rbb7 31. Kf3 Na4 32. Rb1 Rgc7 33. Ke3 Nxc3 34. bxc3 Rxc3+ 35.
Kf2 b2 36. Rhh1 a5 37. Nf1 a4 38. Ne3 a3 39. Nc4 Rb4 40. Nxd6 Bd7 41. fxg6 hxg6
42. Rh6 Rc1 43. Rh1 Rxh1 44. Rxh1 a2 0-1

[Event "52nd World Juniors 2013"]
[Site "Kocaeli TUR"]
[Date "2013.09.13"]
[Round "1.52"]
[White "Lozhnikov, Vyacheslav"]
[Black "Mamyrbay, Assad"]
[Result "1-0"]
[WhiteTitle "FM"]
[WhiteElo "2339"]
[BlackElo "1823"]
[WhiteFideId "13704761"]
[BlackFideId "13708880"]
[EventDate "2013.09.13"]

1. d4 d5 2. c4 e6 3. Nf3 Nf6 4. Nc3 Bb4 5. cxd5 exd5 6. Qa4+ Nc6 7. Bg5 h6 8.
Bxf6 Qxf6 9. e3 O-O 10. Be2 Be6 11. O-O Bd6 12. Nb5 Rfd8 13. Nxd6 Rxd6 14. b4
Bg4 15. Rfc1 Bxf3 16. Bxf3 Qd8 17. Rc3 Ne7 18. Rac1 c6 19. b5 cxb5 20. Qxb5 Rb6
21. Qe2 Qd6 22. g3 Rc6 23. Qb2 Rac8 24. Rxc6 Rxc6 25. Rxc6 Qxc6 26. Qa3 Qf6 27.
Kg2 a6 28. Qc5 Qe6 29. a4 b6 30. Qc7 a5 31. h4 f5 32. h5 Kf7 33. Kg1 Kf8 34.
Qd8+ Kf7 35. Be2 g5 36. hxg6+ Nxg6 37. Bf3 Ne7 38. Qh8 Qg6 39. Qe5 Qc6 40. Bh5+
Kf8 41. Qh8+ Ng8 42. Qh7 Qe6 43. Bg6 f4 44. exf4 Qe7 45. Kg2 Qxh7 46. Bxh7 Ne7
47. Kf3 Kg7 48. Bd3 Nc6 49. Ke3 Kf6 50. g4 1-0

[Event "52nd World Juniors 2013"]
[Site "Kocaeli TUR"]
[Date "2013.09.13"]
[Round "1.53"]
[White "Topac, Ahmet Eren"]
[Black "Kathmale, Sameer"]
[Result "0-1"]
[WhiteElo "1800"]
[BlackElo "2339"]
[WhiteFideId "6311873"]
[BlackFideId "5024498"]
[EventDate "2013.09.13"]

1. e4 c6 2. c4 d5 3. exd5 cxd5 4. cxd5 Nf6 5. Nc3 g6 6. Nf3 Bg7 7. d4 Nxd5 8.
Bd3 Nc6 9. Be4 Nf6 10. d5 Nxe4 11. Nxe4 Ne5 12. Bf4 Qa5+ 13. Kf1 Bg4 14. Qb3
Qa6+ 15. Kg1 Nd3 16. Bg3 Rc8 17. h3 Bf5 18. Nfd2 Nc1 19. Qe3 Bd4 20. Qe1 Ne2+
21. Kh2 O-O 22. Bh4 Rfe8 23. d6 exd6 24. Nf6+ Bxf6 25. Bxf6 d5 26. Bg5 0-1

[Event "52nd World Juniors 2013"]
[Site "Kocaeli TUR"]
[Date "2013.09.13"]
[Round "1.54"]
[White "Saiyn, Zhanat"]
[Black "Abdrashev, Arlen"]
[Result "1-0"]
[WhiteTitle "FM"]
[WhiteElo "2337"]
[BlackElo "1745"]
[WhiteFideId "13703820"]
[BlackFideId "13710257"]
[EventDate "2013.09.13"]

1. d4 Nf6 2. c4 c5 3. d5 e6 4. Nc3 exd5 5. cxd5 d6 6. Nf3 g6 7. Bf4 a6 8. a4 Bg7
9. h3 O-O 10. e3 Qe7 11. Be2 Nbd7 12. O-O Ne8 13. Qb3 h6 14. Rfe1 f5 15. Bh2 g5
16. Nd2 Ne5 17. f4 Ng6 18. Bd3 Rb8 19. Bxa6 g4 20. Bd3 Qh4 21. hxg4 fxg4 22. g3
Qf6 23. Nc4 Bf5 24. Nb5 Kh8 25. Kf1 Qe7 1-0

[Event "52nd World Juniors 2013"]
[Site "Kocaeli TUR"]
[Date "2013.09.13"]
[Round "1.55"]
[White "Atay, Sergen"]
[Black "Nasanjargal, Urtnasan"]
[Result "0-1"]
[BlackTitle "FM"]
[WhiteElo "1713"]
[BlackElo "2323"]
[WhiteFideId "6309143"]
[BlackFideId "4900774"]
[EventDate "2013.09.13"]

1. c4 g6 2. Nf3 Bg7 3. Nc3 Nf6 4. g3 O-O 5. Bg2 d6 6. d3 Nc6 7. a3 Nh5 8. Bd2 a5
9. Rb1 f5 10. b4 axb4 11. axb4 f4 12. b5 Ne5 13. Qb3 Kh8 14. Nd5 Bg4 15. Nxf4
Nxf4 16. Bxf4 Nxf3+ 17. exf3 e5 18. fxg4 exf4 19. Bxb7 Qe7+ 20. Be4 d5 21. cxd5
Ra3 22. Qc2 Bc3+ 23. Kf1 f3 24. h4 Qc5 25. d6 Qxd6 26. g5 Qe6 27. h5 Bd4 28.
hxg6 Ra2 29. Rxh7+ Kg8 30. Qc4 Rxf2+ 31. Kg1 Qxc4 32. dxc4 Re2+ 33. Kf1 Rxe4 34.
Rxc7 Re2 35. Rf7 Rf2+ 36. Kg1 0-1